NLSUI OPAC header image

Persctives on poverty in India : Stylized facts from survey data (Record no. 29542)

MARC details
000 -LEADER
fixed length control field 01056nam a2200229Ia 4500
003 - CONTROL NUMBER IDENTIFIER
control field OSt
005 - DATE AND TIME OF LATEST TRANSACTION
control field 20211130172132.0
008 - FIXED-LENGTH DATA ELEMENTS--GENERAL INFORMATION
fixed length control field 160316s2011 xxu||||| |||| 00| 0 eng d
020 ## - INTERNATIONAL STANDARD BOOK NUMBER
International Standard Book Number 978-0-8213-8689-7
040 ## - CATALOGING SOURCE
Transcribing agency NLS
082 ## - DEWEY DECIMAL CLASSIFICATION NUMBER
Classification number 339.4 WOR
100 ## - MAIN ENTRY--PERSONAL NAME
Personal name The World Bank
245 ## - TITLE STATEMENT
Title Persctives on poverty in India : Stylized facts from survey data
260 ## - PUBLICATION, DISTRIBUTION, ETC.
Place of publication, distribution, etc. New Delhi
Name of publisher, distributor, etc. Oxford University Press
Date of publication, distribution, etc. 2011
300 ## - PHYSICAL DESCRIPTION
Extent 270p
Dimensions xviii
365 ## - TRADE PRICE
Price amount Rs. 695
505 ## - FORMATTED CONTENTS NOTE
Formatted contents note Contents: <br/>1. Consumption Poverty and Growth;<br/>2. Urban Growth and Poverty in Towns of Different Sizes;<br/>3. A Casual Transformation: The Growing;<br/>4. Beyond Consumption Poverty: Nutrition, Health, and Education;<br/>5. Rising Inequality: A Cause for Concern?<br/>6. Social Exclusion: Who Is Being Left Behind?
650 ## - SUBJECT ADDED ENTRY--TOPICAL TERM
Topical term or geographic name entry element 1. Poverty - Economic Conditions - India2. Poverty - Social conditions
700 ## - ADDED ENTRY--PERSONAL NAME
Personal name
--
856 ## - ELECTRONIC LOCATION AND ACCESS
Uniform Resource Identifier <a href="https://openknowledge.worldbank.org/bitstream/handle/10986/2299/574280PUB0Pers1351B0Extop0ID0186890.pdf?sequence=1&isAllowed=y">https://openknowledge.worldbank.org/bitstream/handle/10986/2299/574280PUB0Pers1351B0Extop0ID0186890.pdf?sequence=1&isAllowed=y</a>
942 ## - ADDED ENTRY ELEMENTS (KOHA)
Source of classification or shelving scheme Dewey Decimal Classification
Koha item type BOOKs
Holdings
Withdrawn status Lost status Damaged status Not for loan Home library Current library Shelving location Date acquired Cost, normal purchase price Total Checkouts Full call number Barcode Date last seen Price effective from Koha item type
        . .   30.05.2017 695.00   339.4 WOR 26904 30.05.2017 30.05.2017 BOOKs